000 00599cam a2200193 4500
001 1712170
005 20180110074951.0
008 690317s1969 nyu 001 0 eng
010 _a 71001869
040 _aDLC
_cDLC
_dDLC
041 _aeng
080 _a808.042 WAR
082 0 0 _a808.042 WAR
100 1 _a21
101 _aGJL
245 1 0 _aEnglish grammar and composition;
_c[by] John E. Warriner [and] Francis Griffith. Special contributors: Donald W. Lee, Peter M. Miller, and Orville Palmer.
906 _a7
_bcbc
_corignew
_du
_encip
_f19
_gy-gencatlg
942 _2ddc
_cBK
999 _c40012
_d40012